Personnages d'Honkai Star Rail - Statistiques

Statistiques générales
  • Ce quiz a été pris 109 fois
  • Le résultat moyen est 56 sur 76
Statistiques - réponses
Version Element Voie Personnage % Correct
2.1 Imaginaire Préservation Aventurine
88%
1.0 Vent Chasse Dan Heng
88%
1.2 Foudre Nihilité Kafka
88%
3.0 Glace Erudition The Herta
88%
1.2 Vent Destruction Blade
86%
1.0 Vent Harmonie Bronya
86%
3.2 Quantique Souvenir Castorice
86%
1.0 Glace Préservation Gepard
86%
1.0 Glace Erudition Herta
86%
1.0 Feu Erudition Himeko
86%
2.4 Imaginaire Chasse March 7th
86%
1.0 Glace Préservation March 7th
86%
2.2 Physique Harmonie Robin
86%
2.7 Imaginaire Harmonie Sunday
86%
3.3 Vent Souvenir Hyacine
84%
1.0 Quantique Chasse Seele
84%
3.1 Quantique Harmonie Tribbie
84%
3.2 Vent Erudition Anaxa
82%
1.0 Feu Harmonie Asta
82%
1.6 Imaginaire Chasse Dr Ratio
82%
3.0 Foudre Souvenir Aglaé
80%
2.5 Vent Chasse Feixiao
80%
2.1 Feu Abondance Gallagher
80%
2.1 Foudre Nihilité Acheron
78%
1.0 Foudre Destruction Arlan
78%
1.0 Foudre Abondance Bailu
78%
2.0 Vent Nihilité Black Swan
78%
2.3 Feu Destruction Firefly
78%
2.3 Quantique Erudition Jade
78%
3.1 Imaginaire Destruction Mydei
78%
1.0 Physique Abondance Natasha
78%
2.0 Quantique Harmonie Sparkle
78%
1.0 Imaginaire Nihilité Welt
78%
3.5 Vent Harmonie Cerydra
76%
3.3 Quantique Nihilité Cipher
76%
1.3 Quantique Préservation Fu Xuan
76%
1.0 Vent Nihilité Sampo
76%
1.5 Vent Abondance Huohuo
75%
3.5 Physique Nihilité Hysilens
75%
1.4 Glace Destruction Jingliu
75%
1.3 Quantique Abondance Lynx
75%
1.6 Glace Harmonie Ruan Mei
75%
1.1 Quantique Nihilité Silver Wolf
75%
3.4 Quantique Chasse Archer
73%
1.0 Physique Destruction Clara
73%
1.2 Physique Nihilité Luka
73%
1.0 Glace Nihilité Pela
73%
1.0 Foudre Erudition Serval
73%
2.2 Physique Chasse Boothill
71%
1.0 Feu Destruction Hook
71%
3.4 Vent Destruction Saber
71%
1.4 Feu Chasse Topaz
71%
1.5 Physique Harmonie Hanya
69%
1.0 Foudre Erudition Jing Yuan
69%
1.1 Imaginaire Abondance Luocha
69%
3.4 Physique Destruction Phaénon
69%
2.6 Imaginaire Erudition Rappa
69%
1.0 Foudre Harmonie Tingyun
69%
1.0 Glace Chasse Yanqing
69%
1.5 Physique Erudition Argenti
65%
1.4 Feu Nihilité Guinaifen
65%
2.5 Feu Abondance Lingsha
65%
2.0 Glace Destruction Micha
65%
2.5 Foudre Chasse Moze
65%
1.6 Quantique Destruction Xueyi
63%
2.4 Physique Destruction Yunli
63%
2.7 Feu Nihilité Pérégrine
61%
1.1 Imaginaire Harmonie Yukong
59%
2.4 Feu Nihilité Jiaoqiu
57%
3.0 Glace Souvenir Pionnier
57%
2.2 Imaginaire Harmonie Pionnier
57%
1.0 Feu Préservation Pionnier
57%
1.0 Physique Destruction Pionnier
57%
1.3 Imaginaire Destruction Dan Heng Imbibitor Lunae
55%
1.0 Quantique Erudition Qingque
55%
1.0 Physique Chasse Sushang
55%
Aucun quiz correspondant
Distribution des résultats
% des personnes avec chaque résultat
Percentile par nombre de réponses
Votre historique - résultats
Vous n’avez pas pris ce quiz